000 01223cab a2200265 4500
001 ABS57690
008 090401t1997 xxu||||| |||| 00| 0 eng d
035 _a(Sirsi) u81282
041 _aeng
100 _aCottam, G.
245 _aAdjudication in scheme of things
260 _c1997
350 _a0
490 _aConstruction News
_v18 September 1997, 22-23(2)
520 _aLooks at the dispute resolution procedures that have been proposed for the draft Scheme for Construction Contracts. Lists steps the adjudicator can take.
650 _aMANAGEMENT-DISPUTE AVOIDANCE, MANAGEMENT AND RESOLUTION-DISPUTE MANAGEMENT AND RESOLUTION-ALTERNATIVE DISPUTE RESOLUTION-ADJUDICATION
650 _aMANAGEMENT-DISPUTE AVOIDANCE, MANAGEMENT AND RESOLUTION-DISPUTE MANAGEMENT AND RESOLUTION-ALTERNATIVE DISPUTE RESOLUTION-ADJUDICATION-ADJUDICATORS
650 _aBUILT ENVIRONMENT-BUILDING CONTRACT FORMS
650 _aDISPUTE RESOLUTION
_96236
650 _aHOUSING GRANTS CONSTRUCTION AND REGENERATION ACT 1996
650 _aSCHEME FOR CONSTRUCTION CONTRACTS
690 _aMANAGEMENT-DISPUTE AVOIDANCE, MANAGEMENT AND RESOLUTION-DISPUTE MANAGEMENT AND RESOLUTION-ARBITRATION
942 _n0
948 _c06/10/1997
999 _c51217
_d51217